<?xml version="1.0" encoding="UTF-8"?>
<collection xmlns="http://www.loc.gov/MARC21/slim">
 <record>
  <leader>01172nam a22002295a 4500</leader>
  <controlfield tag="001">CEM.cems016311</controlfield>
  <controlfield tag="005">20110627102205.0</controlfield>
  <controlfield tag="008">130507s1987##################000#0#####d</controlfield>
  <controlfield tag="003">CEMS</controlfield>
  <datafield tag="020" ind1=" " ind2=" ">
   <subfield code="a">9505251831</subfield>
  </datafield>
  <datafield tag="082" ind1="0" ind2="4">
   <subfield code="a">918.2</subfield>
  </datafield>
  <datafield tag="100" ind1="1" ind2=" ">
   <subfield code="a">Rossi, Floreal</subfield>
  </datafield>
  <datafield tag="245" ind1="1" ind2="0">
   <subfield code="a">Geografía física de la república argentina  /</subfield>
   <subfield code="c">Floreal Rossi</subfield>
  </datafield>
  <datafield tag="250" ind1=" " ind2=" ">
   <subfield code="a">2a. ed.</subfield>
  </datafield>
  <datafield tag="260" ind1=" " ind2=" ">
   <subfield code="a">Buenos Aires :</subfield>
   <subfield code="b">Stella,</subfield>
   <subfield code="c">1987</subfield>
  </datafield>
  <datafield tag="300" ind1=" " ind2=" ">
   <subfield code="a">408 p.</subfield>
  </datafield>
  <datafield tag="505" ind1="0" ind2=" ">
   <subfield code="a">Geografía humana -- Geografía política -- Geografía matemática -- Geografía física -- Geomorfología -- Climatología -- Hidrología -- Geografía biológica o biogeografía -- Fitogeografía -- Zoogeografía -- Geografía de la población -- Geografía regional -- Región del noroeste -- Región chaqueña -- Región mesopotámica -- Región de Cuyo -- Región de las Sierras pampeanas -- Región pampeana -- Región de la patagonia e Islas Malvinas -- Región de Antártida argentina</subfield>
  </datafield>
  <datafield tag="653" ind1=" " ind2=" ">
   <subfield code="a">Geografía</subfield>
  </datafield>
  <datafield tag="653" ind1=" " ind2=" ">
   <subfield code="a">Geografía argentina</subfield>
  </datafield>
  <datafield tag="653" ind1=" " ind2=" ">
   <subfield code="a">Geografía-polimodal</subfield>
  </datafield>
  <datafield tag="859" ind1=" " ind2=" ">
   <subfield code="a">CEMS</subfield>
   <subfield code="b">BIB. CEMS - Agricultura</subfield>
   <subfield code="h">918.2</subfield>
   <subfield code="i">R735a2</subfield>
   <subfield code="p">A17461.93</subfield>
   <subfield code="t">Ej.1</subfield>
  </datafield>
  <datafield tag="859" ind1=" " ind2=" ">
   <subfield code="a">CEMS</subfield>
   <subfield code="b">BIB. CEMS - Agricultura</subfield>
   <subfield code="h">918.2</subfield>
   <subfield code="i">R735a2</subfield>
   <subfield code="p">A17462.93</subfield>
   <subfield code="t">Ej.2</subfield>
  </datafield>
 </record>
</collection>
